AH International Schools' Libraries

Maya makes a mess : (Record no. 49613)

MARC details
000 -LEADER
fixed length control field 01081nam a2200301 4500
010 ## - LIBRARY OF CONGRESS CONTROL NUMBER
LC control number 2011050356
020 ## - INTERNATIONAL STANDARD BOOK NUMBER
International Standard Book Number 9781935179177
022 ## - INTERNATIONAL STANDARD SERIAL NUMBER
Source 9781943145263
035 ## - SYSTEM CONTROL NUMBER
System control number 17103210
040 ## - CATALOGING SOURCE
Original cataloging agency DLC
Transcribing agency DLC
Modifying agency DLC
042 ## - AUTHENTICATION CODE
Authentication code lcac
-- pcc
050 00 - LIBRARY OF CONGRESS CALL NUMBER
Classification number PZ7.7.M63
Item number May 2012
082 00 - DEWEY DECIMAL CLASSIFICATION NUMBER
Classification number 741.5/973
Edition number 23
100 1# - MAIN ENTRY--PERSONAL NAME
Personal name Modan, Rutu,
Relator term author.
9 (RLIN) 86729
245 10 - TITLE STATEMENT
Title Maya makes a mess :
Remainder of title a Toon book /
Statement of responsibility, etc a toon book by Rutu Modan.
260 ## - PUBLICATION, DISTRIBUTION, ETC. (IMPRINT)
Place of publication, distribution, etc New York :
Name of publisher, distributor, etc Toon Books,
Date of publication, distribution, etc April 3, 2018.
300 ## - PHYSICAL DESCRIPTION
Extent 31 p. :
Other physical details col. ill. ;
Dimensions 24 cm.
520 ## - SUMMARY, ETC.
Summary, etc Maya's unique table manners turn the palace upside down when she accepts an invitation to dine with the queen.
650 #1 - SUBJECT ADDED ENTRY--TOPICAL TERM
Topical term or geographic name as entry element Graphic novels.
650 #1 - SUBJECT ADDED ENTRY--TOPICAL TERM
Topical term or geographic name as entry element Etiquette
Form subdivision Fiction.
9 (RLIN) 63752
650 #1 - SUBJECT ADDED ENTRY--TOPICAL TERM
Topical term or geographic name as entry element Dinners and dining
Form subdivision Fiction.
9 (RLIN) 86730
650 ## - SUBJECT ADDED ENTRY--TOPICAL TERM
Topical term or geographic name as entry element Humorous stories.
655 #0 - INDEX TERM--GENRE/FORM
Genre/form data or focus term Graphic novels.
655 #7 - INDEX TERM--GENRE/FORM
Genre/form data or focus term Fiction.
Source of term lcgft
9 (RLIN) 52739
942 ## - ADDED ENTRY ELEMENTS (KOHA)
Source of classification or shelving scheme
Koha item type Book
Holdings
Withdrawn status Lost status Source of classification or shelving scheme Damaged status Not for loan Home library Current library Date acquired Total Checkouts Total Renewals Full call number Barcode Date last seen Date checked out Price effective from Koha item type
          Logos International School Logos International School 10/07/2025 2 1 X MOD 041782 12/02/2025 11/12/2025 10/07/2025 Book

For any Logos Library related questions please contact Miss Art at swongnarasuk@asianhope.org.

For any Asian Hope Library related questions please contact Miss Raza at graza@asianhope.org.

Powered by Koha